000
00316nam a2200121Ia 4500
008
220217s9999||||xx |||||||||||||| ||und||
082
_a
621.381 5 BOY
100
_a
Lal kishor
245
0
_a
Electronic devices and circuit
260
_a
B.S publications
_b
New Delhi
_c
2005
300
_b
225
650
_a
CIRCUITRY
999
_c
174070
_d
174070